01449nam a2200361 a 4500001001000000003000500010005001700015008004100032010001100073011001100084040000900095090001000104100003900114245017200153260004100325500006000366502007700426590004100503590004100544590004000585590004000625590004000665650005200705650004300757650002500800650003600825856007000861901000700931942001000938942000600948999001900954952011400973000115721CHAP20220329144545.0190627s2019 mx a |sm |||||||spa d a112182 a113154 cCHAP aTesis1 aOlmos Hernández, Misael.913632210aIdentificación de ácaros y de la mancha foliar necrótica del higo (Ficus carica L.) en Axochiapan, Morelos, Méxicoh[En línea]cpor Misael Olmos Hernández. aChapingo, Méx. :bEl autor,c2019. aPara ver el contenido del material haga clic en la liga aTesis (Ing. Agr. Esp. en Fitotecnia) -- UACH. Departamento de Fitotecnia aBATCH-UPDb05c20190627lUCH01h1429 aBATCH-UPDb05c20190627lUCH01h1542 aE6339RRRb05c20190627lUCH01h1429 aE6339RRRb05c20190627lUCH01h1429 aE6339RRRb05c20190627lUCH01h154114aÁcaros fitófagosxIdentificación.913083614aHigoxEnfermedades por hongos.913251214aHigoxPlagas.95534714aMancha foliar del higo.9136323 aFinding aiduhttp://10.13.5.2/tesis/sist115721.pdfzTeclea aquí aBK cTESIS n0 c112182d112182 00102local40718TESISaBCbBCd2019-06-27fTESISl0oTesisp115731-10r2019-12-31 00:00:00w2019-06-27yCD